000 00488nam a2200169 4500
001 137931
003 ES-MaACL
007 t|
008 070214s1985 sp r ||||1| spa d
100 1 _aSánchez Espeso, German.
_9190092
245 1 0 _aEn las alas de las mariposas /
_cGermán Sánchez Espeso.
250 _a[1ª ed.].
260 _a[Esplugues de Llobregat] :
_bPlaza & Janés,
_c1985.
300 _a223 p. ;
_c21 cm.
852 _aES-MaACL
_jL-7654
_bR.108337
999 _c137931
_d137931